000 00290nam a22001097a 4500
008 230621b xxu||||| |||| 00| 0 eng d
082 _a328.3
_bHOC 1998
245 _aThe House of Commons Commission
_bReport for 1997-98
260 _bHouse of Commons
_c1998
300 _a84p
942 _2ddc
_cBK
999 _c2204
_d2204